Provinces of the Philippines - Statistics

General Stats
  • This quiz has been taken 51,029 times
    10,213 since last reset
  • The average score is 42 of 84
Answers on the Map
Answers color-coded by a green-red scale on the quiz's map according to % correct below.
 
Answer Stats
Provinces % Correct
Manila
83%
Cebu
80%
Palawan
76%
Quezon
76%
Bataan
71%
Cagayan
70%
Ilocos Norte
69%
Ilocos Sur
68%
Zamboanga City
64%
Laguna
63%
Bohol
62%
Leyte
62%
Batangas
61%
Cavite
61%
Aurora
59%
Isabela
59%
Pampanga
59%
Pangasinan
59%
Negros Occidental
58%
Rizal
58%
Negros Oriental
57%
Samar
57%
Bulacan
56%
La Union
55%
Nueva Ecija
55%
Tarlac
55%
Abra
54%
Davao del Sur
54%
Iloilo
54%
Zambales
54%
Davao del Norte
53%
Aklan
52%
Batanes
52%
Occidental Mindoro
52%
Romblon
52%
Albay
51%
Mountain Province
51%
Oriental Mindoro
51%
Sulu
51%
Benguet
50%
Camarines Norte
50%
Camarines Sur
50%
Masbate
50%
Tawi-Tawi
50%
Marinduque
49%
Nueva Vizcaya
49%
Zamboanga del Norte
49%
Zamboanga del Sur
49%
Ifugao
48%
Kalinga
48%
Sorsogon
48%
Eastern Samar
47%
Davao Oriental
46%
Northern Samar
46%
Capiz
45%
Catanduanes
45%
Davao Occidental
45%
Apayao
44%
Southern Leyte
44%
Antique
43%
Quirino
43%
Bukidnon
42%
Siquijor
42%
Agusan del Norte
41%
Agusan del Sur
41%
Cotabato
41%
Guimaras
41%
Davao de Oro
40%
Misamis Oriental
40%
Zamboanga Sibugay
40%
Basilan
39%
Biliran
39%
Misamis Occidental
39%
Lanao del Norte
38%
Camiguin
37%
Lanao del Sur
37%
Sarangani
37%
Sultan Kudarat
37%
South Cotabato
36%
Surigao del Norte
36%
Surigao del Sur
36%
Dinagat Islands
34%
Maguindanao del Norte
28%
Maguindanao del Sur
28%
No matching quizzes found
Score Distribution
Percent of People with Each Score
Percentile by Number Answered
Your Score History
You have not taken this quiz since the last reset